000 00822nam a2200217Ia 4500
008 130821s xx gs mul
020 _a9706250158
040 _aCo-BoUCM
_bspa
041 0 0 _aspa
_aeng
_apor
_afre
092 _aCV 0488
092 _aDVD 0941
100 1 _aChapman, Elwood N.
_9157224
245 1 0 _aActitud
_cElwood N. Chapman
260 _aGrupo Editorial Iberoamerica
_bMexico
_c[fecha desconocida]
300 _a1 videocasete vhs 20 min.
_e1 DVD
500 _aActitud su posesión más valiosa, la actitud es decisiva en el servicio al cliente, clases de actitudes, entrevistas a varios gerentes de empresas, ventajas de las actitudes
650 0 4 _9435
_aAdministración de empresas
650 0 4 _aActitud (Psicología)
_98422
650 0 4 _aServicio al cliente
_924256
942 _cLIBRO
_2LOCAL
_a16
_e1
999 _c25406
_d25406